[Event "FSGM February"]
[Site "Budapest HUN"]
[Date "2005.02.08"]
[Round "4"]
[White "Paschall,W"]
[Black "Szabo,Kr"]
[Result "1-0"]
[WhiteElo "2403"]
[BlackElo "2376"]

1.c4 Nf6 2.Nc3 e6 3.Nf3 c5 4.g3 b6 5.Bg2 Bb7 6.O-O Be7 7.Re1 d6 8.e4 a6 9.d4 cxd4
10.Nxd4 Qc7 11.Be3 Nbd7 12.f4 h5 13.h3 g6 14.Rc1 Rc8 15.Bf2 e5 16.Nde2 O-O
17.Nd5 Nxd5 18.exd5 exf4 19.gxf4 Qd8 20.Nd4 Bh4 21.Qd2 Bxf2+ 22.Qxf2 Qf6
23.Nc6 Rce8 24.b4 a5 25.a3 Ba6 26.Bf1 h4 27.Qd4 Kg7 28.Kf2 Qxd4+ 29.Nxd4 Kf6
30.Bd3 Rxe1 31.Rxe1 Rc8 32.Nc6 Bb7 33.Na7 Rd8 34.Nb5 Nb8 35.Nc7 Kg7 36.bxa5 Bc8
37.Re8 Rxe8 38.Nxe8+ Kf8 39.Nxd6 Ba6 40.axb6 Ke7 41.Ne4 Nd7 42.Ke3 Nxb6 43.Kd4 Bc8
44.Bf1 Bb7 45.d6+  1-0

[Event "FSGM February"]
[Site "Budapest HUN"]
[Date "2005.02.13"]
[Round "9"]
[White "Paschall,W"]
[Black "Almasi,I"]
[Result "1/2-1/2"]
[WhiteElo "2403"]
[BlackElo "2427"]

1.c4 c5 2.Nf3 Nf6 3.Nc3 b6 4.e4 d6 5.d4 cxd4 6.Nxd4 Bb7 7.Bd3 g6 8.O-O Bg7
9.b3 O-O 10.Bb2 e6 11.Qe2 Nc6 12.Nxc6 Bxc6 13.Rad1 Qb8 14.Bb1 Rd8 15.f4 Qb7
16.Rde1 d5 17.e5 Ne4 18.Nxd5 exd5 19.cxd5 Bxd5 20.Bxe4 Bxe4 21.Qxe4 Qxe4
22.Rxe4 Rd2 23.Rf2 Rd1+ 24.Rf1 Rd2 25.Rf2  1/2-1/2

[Event "Aeroflot Open B"]
[Site "Moscow RUS"]
[Date "2005.02.19"]
[Round "5"]
[White "Khismatullin,D"]
[Black "Ulko,J"]
[Result "1/2-1/2"]
[WhiteElo "2548"]
[BlackElo "2464"]

1.c4 c5 2.Nf3 Nf6 3.Nc3 e6 4.g3 d5 5.cxd5 Nxd5 6.Bg2 Nc6 7.O-O Be7 8.d4 Nxc3
9.bxc3 O-O 10.Bf4 cxd4 11.cxd4 Bf6 12.e3 Qa5 13.g4 Rd8 14.Nd2 e5 15.g5 exf4
16.gxf6 Qg5 17.Ne4 Qg6 18.Qf3 Rxd4 19.Kh1 fxe3 20.fxg7 Bf5 21.Ng3 Bg4 22.Qxe3 Rad8
23.Rae1 h5 24.Rg1 Rd3 25.Qf4 R3d4 26.Qc1 h4 27.Ne2 h3 28.Bxh3 Bf3+ 29.Bg2 Bxg2+
30.Rxg2 Rg4 31.Nf4 Qf5 32.Rxg4 Qxg4 33.Qe3 Rd1 34.Ng2 Rxe1+ 35.Qxe1 Kxg7
36.Qc3+ Kg8 37.Ne3 Qe4+ 38.Kg1 Nd4 39.Qc8+ Kg7 40.Qc4 Nf3+ 41.Kg2 Qxc4 42.Nxc4 Nd4
43.Kg3 b5 44.Na5 Ne2+ 45.Kf3 Nc3 46.Nc6 a6 47.Nb4 a5 48.Nc6  1/2-1/2

[Event "Extraliga CZE 2004-5"]
[Site "Czech Rep CZE"]
[Date "2005.02.20"]
[Round "7"]
[White "Ftacnik,L"]
[Black "Laznicka,V"]
[Result "1/2-1/2"]
[WhiteElo "2539"]
[BlackElo "2471"]

1.c4 Nf6 2.Nf3 c5 3.Nc3 b6 4.e4 Bb7 5.e5 Ng4 6.h3 Nh6 7.d4 Bxf3 8.Qxf3 Nc6
9.dxc5 Nd4 10.Qe4 bxc5 11.g4 g6 12.Bg2 Rb8 13.O-O Bg7 14.Nd5 Ng8 15.g5 h6
16.f4 hxg5 17.fxg5 e6 18.Nc3 Ne7 19.Rb1 Qc7 20.Bf4 Nec6 21.Rbe1 Rxb2 22.Nd5 Qa5
23.Nf6+ Bxf6 24.exf6 Qxa2 25.Bd6 Qxc4 26.Kh1 Qc2 27.Qxc2 Rxc2 28.Rb1 Nb4
29.Rfc1 a5 30.Bxc5 Rxc1+ 31.Rxc1 Nb3 32.Rc3 Nxc5 33.Rxc5 O-O 34.Rxa5 d5 35.h4 Rd8
36.Bf3 Nc6 37.Rc5 Nd4 38.Bg4 e5 39.Rc7 e4 40.h5 gxh5 41.Bxh5 Rf8 42.Rd7 Ne6
43.Bxf7+ Rxf7 44.Rxd5 Rh7+ 45.Kg1 Rh5 46.Kf2 Rxg5 47.Rd7 Nc5 48.Rc7 Rf5+
49.Ke3 Kf8 50.Kd4 Rh5 51.Re7 Rg5 52.Ra7 Ke8 53.Re7+ Kf8 54.Ra7 Ke8 55.Re7+ Kf8
56.Ra7 Rh5 57.Re7 Nd3 58.Kxe4 Nb4 59.Rd7 Rb5 60.Ra7 Nd5 61.Kf5 Ne7+ 62.Ke4 Ng8
63.Ra8+ Kf7 64.Ra7+ Kxf6 65.Ra6+ Kf7 66.Ra7+ Ne7 67.Ra6 Nd5 68.Rd6 Nf6+ 69.Kd4 Kg6
70.Rc6 Rd5+ 71.Kc4 Rd1 72.Rc5 Nd7 73.Ra5 Kf6 74.Rh5 Ke6 75.Rh6+ Nf6 76.Rh3 Ng4
77.Rh8 Ne5+ 78.Kc3 Rd3+ 79.Kc2 Rg3 80.Rd8 Nc6 81.Rh8 Kd5 82.Kd2 Ne5 83.Rd8+ Ke4
84.Re8 Rd3+ 85.Kc2 Rd7 86.Kc3 Rc7+ 87.Kd2 Rc5  1/2-1/2

[Event "Mimoza Open"]
[Site "Herceg Novi SCG"]
[Date "2005.02.25"]
[Round "1"]
[White "Vulinovic,R"]
[Black "Damljanovic,B"]
[Result "0-1"]
[WhiteElo "2219"]
[BlackElo "2587"]

1.Nf3 c5 2.c4 Nf6 3.Nc3 b6 4.g3 Bb7 5.Bg2 e6 6.O-O Be7 7.Re1 a6 8.e4 d6 9.d4 cxd4
10.Nxd4 Qc7 11.Be3 Nbd7 12.f4 h5 13.h3 Rc8 14.Rc1 Qb8 15.b3 g6 16.Bf2 Qa8
17.Qe2 O-O 18.Bf1 Nc5 19.Bg2 Rfe8 20.b4 Ncd7 21.a3 e5 22.Nb3 Bf8 23.fxe5 Rxe5
24.Bd4 Re6 25.Qf3 Rxc4 26.Nd5 Bxd5 27.exd5 Rxe1+ 28.Rxe1 Bg7 29.Ba1 Rc8 30.Rf1 Ne5
31.Bxe5 dxe5 32.Nd2 Qa7 33.d6 b5+ 34.Kh1 Rd8 35.Qc6 Qd7 36.Qxa6 Qxd6 37.Qxd6 Rxd6
38.Ne4 Nxe4 39.Bxe4 f5 40.Bc2 Rd2 41.Bb3+ Kh7 42.Rd1 Rb2 43.Bf7 Bf6 44.Be8 Rb3
45.Bxb5 Rxa3 46.Bf1 Rxg3 47.b5 Rb3 48.Rd6 Rb1 49.Kg2 Rb2+ 50.Kh1 Bh4 51.Rd7+ Kh6
52.Rd6 e4 53.Bc4 Bg3 54.b6  0-1

[Event "Mimoza Open"]
[Site "Herceg Novi SCG"]
[Date "2005.02.26"]
[Round "2"]
[White "Damljanovic,B"]
[Black "Krivokapic,M"]
[Result "1-0"]
[WhiteElo "2587"]
[BlackElo "2330"]

1.c4 Nf6 2.Nf3 c5 3.Nc3 e6 4.g3 Nc6 5.Bg2 Be7 6.O-O O-O 7.d4 cxd4 8.Nxd4 a6
9.b3 Qb6 10.Be3 Qc7 11.h3 d6 12.Rc1 Nxd4 13.Bxd4 Bd7 14.Qd2 Bc6 15.Nd5 exd5
16.cxd5 Nxd5 17.Bxd5 Rac8 18.Bxc6 bxc6 19.Qc3 g6 20.Qd3 Qa5 21.Rc4 Qh5 22.Bb2 d5
23.Qc3 f6 24.Rh4 Qf5 25.e4 dxe4 26.Re1 Bd6 27.Rhxe4 Rf7 28.g4 Qd5 29.Qc2 Bc7
30.Rd1 Qb5 31.a4 Qg5 32.Qc4 Kg7 33.Kg2 Be5 34.f4  1-0

[Event "TCh-SWE Elitserien 2004-5"]
[Site "Sweden SWE"]
[Date "2005.02.26"]
[Round "8"]
[White "Cramling,D"]
[Black "Ornstein,A"]
[Result "1/2-1/2"]
[WhiteElo "2425"]
[BlackElo "2426"]

1.c4 c5 2.Nf3 Nf6 3.Nc3 e6 4.e3 d5 5.d4 cxd4 6.exd4 Bb4 7.cxd5 exd5 8.Bd3 O-O
9.O-O Nc6 10.h3 h6 11.Bf4 Re8 12.Re1 Rxe1+ 13.Qxe1 Be6 14.Qe3 Bf8 15.a3 Na5
16.Rd1 Rc8 17.Nd2 a6 18.Bb1 b5 19.b4 Nc4 20.Nxc4 Rxc4 21.Ba2 Rc6 22.Qf3 Ne4
23.Nxe4 dxe4 24.Qxe4 Qd7 25.Bxe6 Qxe6 26.Qf3 Qf6 27.Rd3 Re6 28.d5 Re1+ 29.Kh2 Bd6
30.Bxd6 Qxd6+ 31.g3 Re5 32.Qf4 g6 33.Qd4 Rf5 34.Kg2 h5 35.Qc5 Qe5 36.Qd4 Qxd4
37.Rxd4 Kf8 38.f4 Rf6 39.Kf3 g5 40.Ke4 gxf4 41.gxf4 Ke7 42.Rd3 Rg6 43.Rc3 Kd7
44.Ke5 h4 45.Rc6 Rg3 46.Rxa6 Re3+ 47.Kf6 Rxh3 48.a4 bxa4 49.Rxa4 Rb3 50.Ra7+ Kd6
51.Rxf7 Rxb4 52.Kg5 h3 53.Rh7 Rb3 54.Kg4 Kxd5 55.Rh6 h2 56.Rxh2 Ke6 57.Rh6+ Kf7
58.Kg5 Rg3+ 59.Kf5 Ra3 60.Rh7+ Kg8 61.Rb7 Ra6 62.Kg5 Kf8 63.f5 Rc6 64.Rb8+ Kf7
65.Rh8 Ra6 66.Rh7+ Kf8 67.Rb7  1/2-1/2

[Event "TCh-SWE Elitserien 2004-5"]
[Site "Sweden SWE"]
[Date "2005.02.26"]
[Round "8"]
[White "Webb,S"]
[Black "Lindberg,Be"]
[Result "1-0"]
[WhiteElo "2420"]
[BlackElo "2422"]

1.Nf3 Nf6 2.c4 c5 3.Nc3 e6 4.d4 cxd4 5.Nxd4 Bb4 6.g3 Ne4 7.Qc2 Qa5 8.Bd2 Nxd2
9.Qxd2 Bxc3 10.bxc3 O-O 11.Nb3 Qc7 12.c5 Qc6 13.Rg1 a5 14.Bg2 Qa6 15.a4 Qc4
16.Ra3 Nc6 17.Qd3 Qg4 18.h3 Qg5 19.f4 Qe7 20.Qd6 Qf6 21.Nd2 Ra6 22.Kf2 b6
23.Rb3 bxc5 24.Ne4 Qe7 25.Qxe7 Nxe7 26.Nxc5 Ra7 27.Rd1 Rd8 28.Rb5 d5 29.e4 Kf8
30.exd5 exd5 31.c4 d4 32.g4 h5 33.f5 Ng8 34.Bd5 hxg4 35.hxg4 Nf6 36.Rxd4 Ne8
37.Nb3 Bd7 38.Bc6 Bxc6 39.Rxd8 Ke7 40.Rdb8 Nd6 41.Rxa5 Rd7 42.Ra6 Bh1 43.Nd2 Nb7
44.Ke3 Nc5 45.Ra5 Nd3 46.Ne4 f6 47.Rd5 Ne5 48.Rxd7+ Kxd7 49.Nf2 Bc6 50.Rg8 Bxa4
51.Rxg7+ Ke8 52.Kd4 Bb3 53.Ne4 Kf8 54.Rb7  1-0

[Event "TCh-SWE Elitserien 2004-5"]
[Site "Sweden SWE"]
[Date "2005.02.26"]
[Round "8"]
[White "Jepson,C"]
[Black "Olsson,L"]
[Result "1-0"]
[WhiteElo "2383"]
[BlackElo "2332"]

1.Nf3 Nf6 2.c4 c5 3.Nc3 d5 4.cxd5 Nxd5 5.d4 cxd4 6.Qxd4 Nxc3 7.Qxc3 Nc6 8.e4 e6
9.Bb5 Bd7 10.O-O a6 11.Ba4 Rc8 12.Rd1 b5 13.Bb3 Na5 14.Qd3 Bc6 15.Qxd8+ Rxd8
16.Rxd8+ Kxd8 17.Ne5 Be8 18.Bf4 Bc5 19.Rc1 Nxb3 20.axb3 Bb6 21.Nc6+ Kc8 22.Na7+ Kb7
23.Nc8 Bd7 24.Nd6+ Ka8 25.Be3 Bxe3 26.fxe3 f6 27.e5 Kb8 28.b4 Rf8 29.exf6 Rxf6
30.Ne4 Rf5 31.Nc5 Bc8 32.e4 Rf7 33.Rd1 Kc7 34.Rd3 e5 35.Rd5 Re7 36.Kf2 Bb7
37.Rd1 Kb6 38.Rd6+ Kc7 39.Rd3 Kb6 40.Ke3 Bc6 41.Ra3 Bb7 42.Ra1 Bc8 43.Rc1 Rc7
44.Rc3 Bb7 45.Rd3 Re7 46.Rd7 Rxd7 47.Nxd7+ Kc7 48.Nxe5 Bc8 49.Kd4 Kb6 50.Nd3 a5
51.bxa5+ Kxa5 52.Kc5  1-0

[Event "Mimoza Open"]
[Site "Herceg Novi SCG"]
[Date "2005.02.27"]
[Round "4"]
[White "Damljanovic,B"]
[Black "Nestorovic,De"]
[Result "1-0"]
[WhiteElo "2587"]
[BlackElo "2402"]

1.c4 c5 2.Nf3 Nf6 3.Nc3 b6 4.e4 d6 5.d4 cxd4 6.Nxd4 Bb7 7.f3 e6 8.Be3 Be7
9.Be2 O-O 10.Qd2 a6 11.g4 Nc6 12.g5 Nd7 13.h4 Nxd4 14.Qxd4 Qc7 15.O-O-O Rfc8
16.h5 b5 17.g6 fxg6 18.hxg6 hxg6 19.Rhg1 Nf8 20.Bg5 Bxg5+ 21.Rxg5 Qe7 22.Rg2 b4
23.Nb1 Rc6 24.Nd2 a5 25.Kb1 a4 26.Nf1 Qc7 27.Ne3 Qb6 28.Qxb6 Rxb6 29.c5 dxc5
30.Nc4 Rc6 31.Ne5 Rcc8 32.Bc4 Ba6 33.Rh1 g5 34.Rgh2 g6 35.Bxe6+ Kg7 36.Bd5 Kf6
37.Ng4+ Ke7 38.e5 Bd3+ 39.Kc1 Ra5 40.Nf6 Bf5 41.Rh8 c4 42.Rg8 Rxd5 43.Nxd5+ Kf7
44.Rgh8 b3 45.a3 Ke6 46.Nb6 Rb8 47.Re1 Rxb6 48.Rxf8 c3 49.Rf6+  1-0

[Event "Sozina Open"]
[Site "Bar SCG"]
[Date "2005.03.05"]
[Round "2"]
[White "Vukanovic,S"]
[Black "Antic,De"]
[Result "1-0"]
[WhiteElo "2358"]
[BlackElo "2488"]

1.Nf3 Nf6 2.c4 c5 3.Nc3 d5 4.cxd5 Nxd5 5.e4 Nxc3 6.dxc3 Qc7 7.Be3 Nd7 8.a4 e6
9.Bb5 a6 10.Be2 b6 11.O-O Bb7 12.Nd2 Be7 13.f3 O-O 14.Nc4 Bc6 15.Bf2 Rfd8
16.Bg3 e5 17.Kh1 b5 18.axb5 axb5 19.Rxa8 Rxa8 20.Ne3 Nf6 21.c4 b4 22.Nd5 Qd6
23.Bf2 Nd7 24.Qc2 Bg5 25.Rd1 Qb8 26.g3 Qb7 27.Bf1 Ra2 28.Qb1 Ra5 29.h4 Bd8
30.Bh3 Qa8 31.Qd3 Ra1 32.Nxb4 Rxd1+ 33.Qxd1 cxb4 34.Bxd7  1-0

[Event "Sozina Open"]
[Site "Bar SCG"]
[Date "2005.03.06"]
[Round "3"]
[White "Arsovic,Z"]
[Black "Nestorovic,DN"]
[Result "1-0"]
[WhiteElo "2455"]
[BlackElo "2328"]

1.Nf3 c5 2.c4 b6 3.Nc3 Nf6 4.e3 g6 5.d4 cxd4 6.exd4 Bg7 7.Be2 O-O 8.O-O Bb7
9.d5 d6 10.Bf4 Nbd7 11.Nd4 Rc8 12.Re1 a6 13.Bf1 Re8 14.Qd2 b5 15.cxb5 axb5
16.Nc6 Bxc6 17.dxc6 Rxc6 18.Bxb5 Rb6 19.a4 Qb8 20.Bg5 Nc5 21.Bxf6 Bxf6 22.Nd5 Rxb5
23.Nxf6+ exf6 24.Rxe8+ Qxe8 25.axb5 Nb3 26.Qe1 Qxb5 27.Ra8+ Kg7 28.Qe8  1-0

[Event "Sozina Open"]
[Site "Bar SCG"]
[Date "2005.03.08"]
[Round "5"]
[White "Arsovic,Z"]
[Black "Pap,M"]
[Result "0-1"]
[WhiteElo "2455"]
[BlackElo "2369"]

1.Nf3 c5 2.c4 Nf6 3.Nc3 e6 4.e3 Be7 5.d4 cxd4 6.exd4 d5 7.cxd5 Nxd5 8.Bd3 O-O
9.O-O Nc6 10.Re1 Bf6 11.Be4 Qa5 12.Bd2 Nxc3 13.Bxc3 Qb6 14.Ne5 h6 15.Qg4 Rd8
16.Rad1 Nb4 17.Bb1 Nd5 18.Qe4 g6 19.h4 Bg7 20.Nxf7 Kxf7 21.Qxg6+ Kg8 22.Qh7+ Kf8
23.Re3 Rd7 24.Bd2 e5 25.dxe5 Rf7 26.Rf3 Rxf3 27.gxf3 Qe6 28.Be4 Ne7 29.Bb4 Bxe5
30.Bd5 Bh2+ 31.Kg2 Qh3+  0-1

[Event "Sozina Open"]
[Site "Bar SCG"]
[Date "2005.03.11"]
[Round "8"]
[White "Abramovic,B"]
[Black "Lapcevic,M"]
[Result "1/2-1/2"]
[WhiteElo "2478"]
[BlackElo "2229"]

1.c4 c5 2.Nf3 Nf6 3.Nc3 b6 4.g3 Bb7 5.Bg2 e6 6.O-O a6 7.b3 Be7 8.d3 d6 9.e3 Nbd7
10.Qe2 Rc8 11.Bb2 O-O 12.Rad1 Re8 13.Bh3 Qc7 14.e4 Nb8 15.Ne1 Nfd7 16.f4 Bf6
17.Nf3 Nc6 18.Nb1 Bxb2 19.Qxb2 b5 20.Nc3 bxc4 21.dxc4 Nf6 22.Rfe1 Rcd8 23.Qe2 Qb8
24.Bg2 Nd4 25.Qd3 e5 26.f5 Bc6 27.h3 a5 28.g4 h6 29.Nd2 Qb4 30.Nf1 a4 31.bxa4 Bxa4
32.Rd2 Rb8 33.Ne3 Bc6 34.h4 Qa3 35.Kf2 Rb7 36.Bf3 Qa7 37.Rb1 Reb8 38.Rxb7 Rxb7
39.Kg3 Kf8 40.Ned1 Rb4  1/2-1/2

[Event "TCh-SWE Elitserien 2004-5"]
[Site "Malmo SWE"]
[Date "2005.03.12"]
[Round "10"]
[White "Larsson,P"]
[Black "Olsson,L"]
[Result "0-1"]
[WhiteElo "2353"]
[BlackElo "2332"]

1.Nf3 Nf6 2.c4 c5 3.Nc3 d5 4.cxd5 Nxd5 5.d4 Nxc3 6.bxc3 g6 7.Bg5 Bg7 8.e3 O-O
9.Be2 Nd7 10.O-O h6 11.Bh4 b6 12.Qb3 Bb7 13.Rfd1 cxd4 14.cxd4 Nf6 15.Rac1 e6
16.Qa4 a6 17.Ne5 b5 18.Qa3 g5 19.Bg3 Qb6 20.Nd3 Rfc8 21.Nc5 Bc6 22.Be5 a5
23.Nxe6 b4 24.Qb2 fxe6 25.d5 Bxd5 26.Bxf6 Qb7 27.Bg4 Rxc1 28.Rxc1 Rf8 29.Be5 Qf7
30.f3 Bxe5 31.Qxe5 Qf6 32.Qxf6 Rxf6 33.Rc5 a4 34.Rb5 b3 35.axb3 Bxb3 36.e4 Kg7
37.Ra5 Rf8 38.Kf2 Rc8 39.Ke3 Rc2 40.Kd4 Kf6 41.e5+ Ke7 42.Ra7+ Kd8 43.h3 Rd2+
44.Kc5 Rd5+ 45.Kb4 Rxe5 46.Rh7 Re1 47.Rxh6 Rb1 48.Ka3 Ke7 49.g3 Ra1+ 50.Kb4 Bd5
51.Rh7+ Kd6 52.Ra7 Rb1+ 53.Ka3 Kc5 54.f4 gxf4 55.gxf4 Ra1+ 56.Kb2 Ra2+ 57.Kc3 Ra3+
58.Kc2 Kc4 59.Be2+ Kb4 60.Kd2 Rxh3 61.Bd1 a3 62.Ra4+ Kb5 63.f5 exf5  0-1

[Event "FSGM March"]
[Site "Budapest HUN"]
[Date "2005.03.13"]
[Round "9"]
[White "Dzhakaev,D"]
[Black "Papp,Ga"]
[Result "1-0"]
[WhiteElo "2486"]
[BlackElo "2477"]

1.Nf3 Nf6 2.c4 c5 3.Nc3 e6 4.e3 b6 5.d4 cxd4 6.exd4 Bb7 7.a3 Be7 8.d5 exd5
9.cxd5 d6 10.Bb5+ Nbd7 11.Nd4 O-O 12.O-O Ne5 13.f4 Ng6 14.Qf3 Qc8 15.Bc6 Rb8
16.h3 a6 17.Bd2 Bxc6 18.Nxc6 Rb7 19.Rac1 Qd7 20.Be3 b5 21.Bd4 Nh4 22.Qd3 Qf5
23.Qe2 Nxd5 24.g4 Nxc3 25.Rxc3 Qd7 26.Nxe7+ Qxe7 27.Re3 Qc7 28.f5 Qc4 29.Qxc4 bxc4
30.Kf2 h6 31.Rfe1 Rb5 32.Kg3 g5 33.Bc3 Rd5 34.Re4 Rd3+ 35.R1e3 Rd1 36.Re1 Rd3+
37.R4e3 Rd5 38.Kf2 a5 39.Re4 Rd3 40.R1e3 Rd1 41.Rxc4 Rh1 42.Rd4 Rh2+ 43.Kf1 Rh1+
44.Kf2 Rh2+ 45.Kg1 Rc2 46.Rd2 Rc1+ 47.Kf2 Rb8 48.Rxd6 Rc2+ 49.Re2 Rxe2+ 50.Kxe2 Ng2
51.Rxh6 Nf4+ 52.Kf1 Nd5 53.Rh8+  1-0

[Event "TCh-BEL 2004-5"]
[Site "Belgium BEL"]
[Date "2005.03.20"]
[Round "11"]
[White "Motwani,P"]
[Black "Dutreeuw,M"]
[Result "1/2-1/2"]
[WhiteElo "2543"]
[BlackElo "2352"]

1.c4 c5 2.Nf3 Nf6 3.Nc3 e6 4.g3 b6 5.Bg2 Bb7 6.O-O Be7 7.Re1 Ne4 8.Nxe4 Bxe4
9.d3 Bb7 10.e4 d6 11.d4 cxd4 12.Nxd4 O-O 13.b3 Nd7 14.Bb2 a6 15.Bc3 Rc8 16.Qd2 Rc7
17.Rad1 Qa8 18.h4 Rfc8 19.Re3 Bf8 20.Qe2 g6 21.Nf3 b5 22.Ba5 Rc5 23.Bb4 bxc4
24.Bxc5 Nxc5 25.Nd2 cxb3 26.Nxb3 Na4 27.Rc1 Rxc1+ 28.Nxc1 Bh6 29.Ra3 Nc5
30.Nb3 Nxe4 31.Bxe4  1/2-1/2

[Event "ch-DEN KO"]
[Site "Koege DEN"]
[Date "2005.03.21"]
[Round "1.2"]
[White "Schandorff,L"]
[Black "Pedersen,Ch"]
[Result "1/2-1/2"]
[WhiteElo "2497"]
[BlackElo "2396"]

1.Nf3 Nf6 2.c4 c5 3.Nc3 d5 4.cxd5 Nxd5 5.d4 Nxc3 6.bxc3 g6 7.e3 Bg7 8.Bb5+ Bd7
9.Bxd7+ Qxd7 10.O-O O-O 11.Rb1 Nc6 12.Qb3 b6 13.dxc5 bxc5 14.Ba3 Qd3 15.Rfd1 Qxc3
16.Qxc3 Bxc3 17.Bxc5  1/2-1/2

[Event "ch-EU"]
[Site "Cork IRL"]
[Date "2005.03.23"]
[Round "2"]
[White "Pritchett,C"]
[Black "Ledger,A"]
[Result "1/2-1/2"]
[WhiteElo "2258"]
[BlackElo "2450"]

1.c4 Nf6 2.Nf3 c5 3.Nc3 d5 4.cxd5 Nxd5 5.g3 Nc6 6.Bg2 g6 7.d3 Bg7 8.Nxd5 Qxd5
9.O-O Qd6 10.Bf4 e5 11.Be3 Bd7 12.Rc1 b6 13.Ng5 O-O 14.Ne4 Qc7 15.a3 a5 16.f4 Rac8
17.Kh1 Bf5 18.Nc3 Qd8 19.fxe5 Nxe5 20.Qd2 Qd7 21.Nd5 Rc6 22.Bg5 f6 23.Bf4 Be6
24.e4 f5 25.Bg5 Bxd5 26.exd5 Rd6 27.b4 axb4 28.axb4 Rc8 29.bxc5 bxc5 30.Bf4 Rb6
31.d4 cxd4 32.Qxd4 Nc4 33.Qxc4 Rxc4 34.Rxc4 h6 35.Rc7 Qd8 36.Rfc1 Qf6 37.R7c6 Qd4
38.Rxb6 Qxb6 39.h4 Qd4 40.d6 g5 41.hxg5 hxg5 42.Bxg5 Qxd6 43.Bf4 Be5 44.Rf1 Kg7  1/2-1/2

[Event "Open"]
[Site "Coventry ENG"]
[Date "2005.03.27"]
[Round "6"]
[White "Young,C"]
[Black "Cox,JJ"]
[Result "0-1"]
[WhiteElo "2102"]
[BlackElo "2311"]

1.Nf3 Nf6 2.c4 c5 3.Nc3 e6 4.e3 a6 5.d4 d5 6.a3 dxc4 7.Bxc4 b5 8.Bd3 Bb7
9.O-O Nbd7 10.dxc5 Nxc5 11.Bc2 Be7 12.b4 Nce4 13.Nxe4 Bxe4 14.Bxe4 Nxe4 15.Qc2 Bf6
16.Bb2 Bxb2 17.Qxb2 Qf6 18.Qxf6 gxf6 19.Rac1 O-O 20.Rc6 Rfc8 21.Rfc1 Rxc6
22.Rxc6 a5 23.Ne1 axb4 24.axb4 Nd2 25.Nc2 Ra2 26.g3 e5 27.Kg2 Nc4 28.Ne1 Nxe3+
29.Kf3 Nd1 30.Nc2 Kg7 31.Ke2 Nb2 32.Kd2 Nc4+ 33.Kc3 Na3 34.Nxa3 Rxa3+ 35.Kb2 Rf3
36.Rc5 Rxf2+ 37.Kc3 Rxh2 38.Rxb5 Rg2 39.Rd5 Rxg3+ 40.Kc4 h5 41.b5 Rg1 42.b6 Rc1+
43.Kb5 h4 44.b7 h3 45.Rd3 Rb1+ 46.Kc6 f5 47.Rg3+ Kf6 48.Rxh3 f4 49.Rh8 f3
50.b8=Q Rxb8 51.Rxb8 f2 52.Rb1 e4 53.Kd5 e3 54.Rf1 Kg6 55.Kd4 e2 56.Rxf2 e1=Q  0-1

[Event "Open"]
[Site "Coventry ENG"]
[Date "2005.03.27"]
[Round "7"]
[White "Greenfeld,A"]
[Black "Stocek,J"]
[Result "1/2-1/2"]
[WhiteElo "2549"]
[BlackElo "2586"]

1.Nf3 Nf6 2.c4 b6 3.Nc3 c5 4.d4 cxd4 5.Nxd4 Bb7 6.f3 e6 7.e4 d6 8.Be2 Be7
9.O-O O-O 10.Be3 a6 11.Qd2 Re8 12.Rfd1 Qc7 13.Bf1 Nbd7 14.Rac1 Rac8 15.Qf2 Qb8
16.Kh1 Bd8 17.b3 Bc7 18.Qg1 h6 19.b4 Rcd8 20.Nb3 d5 21.cxd5 exd5 22.Nxd5 Bxd5
23.exd5 Rxe3 24.Rxc7 Rxb3 25.Rxd7 Rxd7 26.axb3 b5 27.Qc5 Rd6 28.Bd3  1/2-1/2

[Event "3rd ch-GER Internet Blitz Candidates"]
[Site "playchess INT"]
[Date "2005.04.02"]
[Round "2"]
[White "Kostic,Vl"]
[Black "Feuerstack,A"]
[Result "1-0"]
[WhiteElo "2439"]
[BlackElo "2224"]

1.Nf3 Nf6 2.c4 c5 3.Nc3 e6 4.g3 a6 5.Bg2 Qc7 6.O-O Be7 7.b3 O-O 8.Bb2 Nc6
9.Rc1 b6 10.d3 Bb7 11.e4 Rfd8 12.Qe2 d6 13.h3 Rac8 14.Rfd1 Qb8 15.Qf1 Bf8
16.Ne1 Nd4 17.Ne2 d5 18.Nxd4 cxd4 19.Bxd4 e5 20.Bxb6 Rd6 21.c5 Rd7 22.b4 dxe4
23.dxe4 Rxd1 24.Rxd1 Bxe4 25.Bxe4 Nxe4 26.Qxa6 Rc6 27.Qd3 Ng5 28.Qd8 Nxh3+
29.Kh2 Qb7 30.Qd7 Qxd7 31.Rxd7 Nxf2 32.Rd8 Ne4 33.Nd3 f6 34.b5  1-0

[Event "3rd ch-GER Internet Blitz Candidates"]
[Site "playchess INT"]
[Date "2005.04.02"]
[Round "9"]
[White "Krivoshey,S"]
[Black "Seel,C"]
[Result "1-0"]
[WhiteElo "2487"]
[BlackElo "2477"]

1.Nf3 Nf6 2.c4 c5 3.Nc3 d5 4.cxd5 Nxd5 5.d4 Nxc3 6.bxc3 g6 7.e4 Bg7 8.Rb1 O-O
9.Be2 Nc6 10.d5 Ne5 11.Nxe5 Bxe5 12.Qd2 e6 13.f4 Bc7 14.O-O exd5 15.exd5 Ba5
16.Rb5 a6 17.Rxa5 Qxa5 18.f5 c4 19.f6 Qc5+ 20.Kh1 Rd8 21.Bf3 Bf5 22.Qh6 Qf8
23.Qh4 Bd3 24.Re1 Re8 25.Re7 Rxe7 26.fxe7 Qg7 27.h3 Qxc3 28.Bg5 Re8 29.Bf6 Qc1+
30.Kh2 c3 31.d6 Bf5 32.Be5 h5 33.Qf6 Qh6 34.Bd5 Qh7 35.Bxf7+  1-0

[Event "3rd ch-GER Internet Blitz KO"]
[Site "playchess INT"]
[Date "2005.04.03"]
[Round "1.2"]
[White "Krivoshey,S"]
[Black "Bischoff,K"]
[Result "1-0"]
[WhiteElo "2487"]
[BlackElo "2555"]

1.Nf3 Nf6 2.c4 c5 3.Nc3 e6 4.g3 b6 5.Bg2 Bb7 6.O-O Be7 7.Re1 d6 8.e4 Nbd7
9.d4 cxd4 10.Nxd4 Qc7 11.f4 O-O 12.Be3 Rac8 13.Rc1 Qb8 14.b3 Rfe8 15.g4 g6
16.g5 Nh5 17.f5 Bf8 18.f6 Ne5 19.Qe2 a6 20.Nf3 Ba8 21.Nxe5 dxe5 22.Bf3 Nf4
23.Bxf4 exf4 24.e5 Bc5+ 25.Kg2 Be3 26.Bxa8 Qxa8+ 27.Qf3 Qxf3+ 28.Kxf3 Bxc1
29.Rxc1 b5 30.Ne4 bxc4 31.Nd6 cxb3 32.Nxc8 b2 33.Ne7+  1-0

[Event "FSIM April"]
[Site "Budapest HUN"]
[Date "2005.04.05"]
[Round "4"]
[White "Goczo,M"]
[Black "Fodor,T jr"]
[Result "0-1"]
[WhiteElo "2276"]
[BlackElo "2269"]

1.Nf3 Nf6 2.c4 c5 3.Nc3 e6 4.d4 cxd4 5.Nxd4 d6 6.e3 Be7 7.Be2 O-O 8.O-O a6
9.b3 Qc7 10.Bb2 Nbd7 11.Qd2 b6 12.Bf3 Bb7 13.Rfd1 Rfd8 14.Qe2 Rac8 15.Bxb7 Qxb7
16.e4 Nc5 17.f3 Ne8 18.Qe3 Bf6 19.Rab1 Nc7 20.Nc2 Ne8 21.Nb4 b5 22.cxb5 axb5
23.Ne2 Na6 24.Nd3 Rc2 25.Nd4 Rc7 26.e5 dxe5 27.Nxe5 Nb4 28.Ng4 Nd5 29.Qe2 b4
30.Nxf6+ Nexf6 31.Nb5 Rcd7 32.a4 bxa3 33.Nxa3 Nf4 34.Qc2 Qa7+ 35.Kf1 N6d5
36.Nc4 h6 37.g3 Ng6 38.Bd4 Qc7 39.Bf2 Qb7 40.Kg2 Qb4 41.Kg1 h5 42.Be1 Qb7
43.Bf2 h4 44.Qe4 Qb8 45.Qc2 h3 46.Rd2 Nb4 47.Qc3 Rd3 48.Rxd3 Rxd3 49.Qe1 Rxf3
50.Qe4 Rf5 51.Bd4 Nd5 52.b4 Qc7 53.Bc5 Nc3 54.Qa8+ Kh7 55.Re1 Rxc5 56.bxc5 Qxc5+
57.Ne3 Nd5 58.Kf2 Ne5 59.Qd8 Nd3+ 60.Kf1 Nxe1 61.Nxd5 exd5 62.Qh4+ Kg8 63.Kxe1 Qg1+
64.Kd2 Qxh2+ 65.Kd3 g6 66.Kd4 Qd2+ 67.Ke5 Qe2+ 68.Kd6 h2 69.Qd8+ Kg7 70.Qh4 Qh5
71.Qd4+ Kg8 72.g4 Qh4  0-1

[Event "2nd K41 Int"]
[Site "Copenhagen DEN"]
[Date "2005.04.08"]
[Round "7"]
[White "Pedersen,Ch"]
[Black "Olsson,L"]
[Result "1-0"]
[WhiteElo "2396"]
[BlackElo "2319"]

1.Nf3 Nf6 2.c4 c5 3.Nc3 d5 4.cxd5 Nxd5 5.d4 e6 6.e4 Nxc3 7.bxc3 cxd4 8.cxd4 Nc6
9.Bc4 b5 10.Be2 a6 11.O-O Bd6 12.Bb2 O-O 13.d5 exd5 14.Qxd5 Bb7 15.Rad1 Be7
16.Qh5 Qa5 17.Qg4 g6 18.a3 Bxa3 19.Bf6 Rfd8 20.Ng5 Rxd1 21.Bxd1 h6 22.Qd7 hxg5
23.Qh3  1-0

[Event "7th UI&UL GM"]
[Site "Dhaka BAN"]
[Date "2005.04.09"]
[Round "6"]
[White "Rahman,Zia"]
[Black "Fominyh,A"]
[Result "1-0"]
[WhiteElo "2538"]
[BlackElo "2505"]

1.Nf3 Nf6 2.c4 c5 3.Nc3 d5 4.cxd5 Nxd5 5.e4 Nxc3 6.dxc3 Qc7 7.Bc4 e6 8.Qe2 Bd7
9.O-O Bc6 10.e5 Nd7 11.Bf4 h6 12.Rfe1 Be7 13.h3 g5 14.Bg3 O-O-O 15.Bb5 Bxb5
16.Qxb5 c4 17.Qa4 Kb8 18.Rad1 h5 19.Rd4 Bc5 20.Rde4 Nb6 21.Qc2 f5 22.exf6 Qxg3
23.Kf1 Qd6 24.Nxg5 Rdf8 25.Rxe6 Qf4 26.R6e5 Nd7 27.Ne6 Qxf6 28.Nxc5 Nxe5
29.Rxe5 Rf7 30.Qe2 h4 31.f3 Rd8 32.b4 Qd6 33.Re8 b6 34.Na6+ Kb7 35.Rxd8 Qxd8
36.Qe4+ Kxa6 37.Qxc4+ b5 38.Qe6+ Qb6 39.Qxf7 Qd6 40.Ke2 Qe5+ 41.Kd3 Qd6+
42.Ke4 Qc6+ 43.Kf5  1-0

[Event "2nd K41 Int"]
[Site "Copenhagen DEN"]
[Date "2005.04.10"]
[Round "9"]
[White "Pedersen,Ch"]
[Black "Kongsted,H"]
[Result "1/2-1/2"]
[WhiteElo "2396"]
[BlackElo "2236"]

1.Nf3 Nf6 2.c4 c5 3.Nc3 e6 4.g3 b6 5.Bg2 Bb7 6.O-O Be7 7.Re1 Ne4 8.Nxe4 Bxe4
9.d3 Bb7 10.e4 O-O 11.d4 cxd4 12.Nxd4 d6 13.b3 a6 14.Ba3 Qc7 15.Qd2 Re8 16.Rad1 Nd7
17.Bb4 Nc5 18.Qe3 Rad8 19.a4 Bf6 20.Qc3 Rb8 21.Re3 Bg5 22.Ree1 Bf6 23.a5 Ba8
24.axb6 Qxb6 25.Ba5 Qa7 26.b4 Na4 27.Qd2 Rec8 28.Bf1 Nb6 29.Bxb6 Qxb6 30.b5 a5
31.Nc2 Rd8 32.Qe3 Qc7 33.Qa3 h5 34.h4 Bb7 35.Nd4 Ra8 36.Qf3 Qc5 37.Nc2 Qe5
38.Qe3 Qc5 39.Qxc5 dxc5 40.Rxd8+ Bxd8 41.Bg2 a4 42.Rd1 Ba5 43.Rd7 Bc8 44.Rd6 e5
45.Rd5 Bb4 46.Rd8+ Kh7 47.b6 a3 48.Bh3 Bb7 49.Rxa8 Bxa8 50.Nxa3 Bxa3 51.Bc8 g6
52.b7  1/2-1/2

[Event "ch-BLR U20"]
[Site "Minsk BLR"]
[Date "2005.04.10"]
[Round "3"]
[White "Glyzin,Y"]
[Black "Podolchenko,E"]
[Result "1/2-1/2"]
[WhiteElo "2211"]
[BlackElo "2260"]

1.Nf3 Nf6 2.c4 c5 3.Nc3 e6 4.d4 cxd4 5.Nxd4 d6 6.e4 Be7 7.Be2 a6 8.O-O O-O
9.Be3 b6 10.f4 Qc7 11.Rc1 Bb7 12.Bf3 Nbd7 13.b3 Nc5 14.Qc2 Rfe8 15.g4 Bf8
16.Nde2 d5 17.e5 Nfe4 18.cxd5 exd5 19.Nxd5 Bxd5 20.Bxe4 Bxe4 21.Qxe4 Qd7
22.Qf3 Rac8 23.Rfd1 Qb5 24.Nd4 Qb4 25.Rc4 Qa3 26.Bc1 Qxa2 27.Rc2 Qa5 28.Nc6 Qa1
29.Bb2 Qa2 30.Rdc1 Nxb3 31.Ne7+ Rxe7 32.Rxc8 Qxb2 33.Rxf8+  1/2-1/2

[Event "Extraliga CZE 2004-5"]
[Site "Czech Rep CZE"]
[Date "2005.04.16"]
[Round "10"]
[White "Plachetka,J"]
[Black "Talla,V"]
[Result "1/2-1/2"]
[WhiteElo "2448"]
[BlackElo "2409"]

1.c4 Nf6 2.Nf3 c5 3.Nc3 b6 4.e4 d6 5.d4 cxd4 6.Nxd4 Bb7 7.f3 e6 8.Be2 Be7
9.O-O a6 10.Be3 Nbd7 11.a4 O-O 12.a5 Qc7 13.Kh1 Rab8 14.Nb3 Ba8 15.axb6 Nxb6
16.Na5 d5 17.exd5 exd5 18.Qd4 Nxc4 19.Nxc4 dxc4 20.Bf4 Qb6 21.Qxc4 Rfc8 22.Qxa6 Qxb2
23.Rab1 Qa3 24.Qxa3  1/2-1/2